Textbook of Engineering Mechanics (Record no. 11986)

MARC details
000 -LEADER
fixed length control field 00400nam a22001697a 4500
003 - CONTROL NUMBER IDENTIFIER
control field OSt
008 - FIXED-LENGTH DATA ELEMENTS--GENERAL INFORMATION
fixed length control field 230505b |||||||| |||| 00| 0 eng d
020 ## - INTERNATIONAL STANDARD BOOK NUMBER
International Standard Book Number 9788131804094
082 ## - DEWEY DECIMAL CLASSIFICATION NUMBER
Classification number 620.00151 BAT
100 ## - MAIN ENTRY--PERSONAL NAME
Personal name BANSAL,RK
245 ## - TITLE STATEMENT
Title Textbook of Engineering Mechanics
250 ## - EDITION STATEMENT
Edition statement 6th Ed
260 ## - PUBLICATION, DISTRIBUTION, ETC. (IMPRINT)
Place of publication, distribution, etc New Delhi
Name of publisher, distributor, etc Laxmi
Date of publication, distribution, etc 2023
300 ## - PHYSICAL DESCRIPTION
Extent 807
650 ## - SUBJECT ADDED ENTRY--TOPICAL TERM
Topical term or geographic name as entry element Decentralization
942 ## - ADDED ENTRY ELEMENTS (KOHA)
Source of classification or shelving scheme Dewey Decimal Classification
Koha item type Reference Books
Holdings
Withdrawn status Lost status Source of classification or shelving scheme Damaged status Not for loan Collection code Home library Current library Date acquired Source of acquisition Currency Cost, normal purchase price Bill Number Total Checkouts Full call number Acc. no. / Barcode Date last seen Actual Cost, discounted price Bill Date Koha item type Public note
    Dewey Decimal Classification     B.Tech(ME) PIET C-LIBRARY PIET C-LIBRARY 04/04/2023 Aena Books IN RUPEES 719.00 1175   620.00151 BAT 34899 05/05/2023 575.20 04/04/2023 Reference Books Decentralization

Design & Developed by: PIET Central Library
R70 Miles Stone Pattikalyana Samalkha Panipat 132102
mail ID :- [email protected], Phone No:- 0180-2569700 Ex.216